| 000 | 00941pam a2200265 a 4500 | ||
|---|---|---|---|
| 001 | 1180 | ||
| 005 | 20231124102506.0 | ||
| 020 | _a078073002757 | ||
| 040 |
_aDLC _cDLC _dDLC _beng |
||
| 050 | 0 | 0 |
_aPZ7.M3567585 _bTe 1988 |
| 082 | 0 | 0 |
_aFic _219 |
| 100 | 1 |
_aMartin, Ann M., _d1955- |
|
| 245 | 1 | 0 |
_aTen kids, no pets / _cAnn M. Martin. by the author of The Baby-sitters club |
| 250 | _aFirst Edition | ||
| 260 |
_aNew York : _bScholastic, _c1988 |
||
| 300 |
_a174 pages : _c20 cm _bIllustrations ; |
||
| 505 | _aR | ||
| 520 | _aThe ten Rosso children, spaced a year apart and named alphabetically, find their life rambunctious and exciting when their family leaves New York City for a big old farmhouse and new friends. | ||
| 521 |
_a700
_bLexile |
||
| 521 |
_aR
_bRaz-Plus |
||
| 650 | 1 |
_aFamily life _xFiction. |
|
| 650 | 1 |
_aCountry life _xFiction. |
|
| 906 |
_a7 _bcbc _corignew _d1 _eocip _f19 _gy-gencatlg |
||
| 942 |
_2ddc _cBK _n0 |
||
| 999 |
_c1180 _d1180 |
||